000 00934nam2a2200253 4500
001 rc\2900592
005 20110802095647.5
035 _a(NLR Aleph) 007051949
090 _a13590936
_c13590936
100 _a20110802d1937 |||y0rusy50 ca
101 0 _arus
102 _aRU
105 _ay z |||||
200 1 _aУказания по закладке и проведению опытов с новыми лубяными культурами при хатах-лабораториях
210 _d1937
461 0 _1001rc\2900591
_12001#$aˆ[‰Издания]$eВып. 7-$fАзово-Черномор. опыт. станция лубяных культур (Азчерлос)$vВып. 7
700 1 _aВалько
_bН. С.
701 1 _aТетерин
_bИ. И.
701 1 _aЕвстратова
_bА. А.
801 0 _aRU
_bNLR
_gpsbo
801 1 _aRU
_bELAR
_2rusmarc
852 _aNLR
_j37-17/143(7)
942 _cBOOK
980 _aNB